000 00787nam a2200241 i 4500
003 DO-SdBNP
005 20240229073927.0
007 ta
008 240220s1997 dr 000 p spa d
040 _aDO-SdBNP
_bspa
_cBNPHU
_erda
082 _bS2111
_222
100 _aSánchez, Ángel Salvador,
_d1948-
_92873
245 1 0 _aPre - textos :
_b(entre Caín y Abel) /
_cSalvador Sánchez ; selección y prólogo León David
264 1 _aSanto Domingo :
_bImpresos Familiar,
_c1997.
300 _a109 páginas,
_c21 cm.
336 _2rdacontent
_atexto
_btxt
337 _2rdamedia
_asin mediación
_bn
338 _2rdacarrier
_avolumen
_bnc
590 _aInventariado, 2024/ YL
700 1 _aLeón David
_d1945-
_eselección y prólogo
_984930
910 _aYLockward
942 _2ddc
_cLBS1
999 _c55974
_d55974